000
00293nam a22001217a 4500
999
_c
158208
_d
158208
082
_a
_b
245
_a
Perspectives in educational supervision/
_c
by Vashist S.R (ed.).
260
_a
New Delhi:
_b
Anmol,
_c
1993.
300
_a
448p.
650
_a
700
_a
Vashist S.R (ed.)
942
_c
BK